| 000 | 03201nam0a2200529 4500 | ||
|---|---|---|---|
| 001 | RU\NLR\BIBL_A\022244768 | ||
| 005 | 20260406104539.0 | ||
| 010 |
_a978-5-7590-1374-7 _91000 |
||
| 035 | _a(NLR Aleph) 022244768 | ||
| 090 |
_a13322127 _c13322127 |
||
| 100 | _a20240606d2023 |||y0rusy50 ca | ||
| 101 | 0 |
_arus _achm _aeng |
|
| 102 | _aRU | ||
| 105 | _aac||z|||000yy | ||
| 181 | 0 |
_ai2 _baxxe |
|
| 181 | 0 |
_ab2 _bxb2e |
|
| 182 | 0 | _an | |
| 200 | 1 |
_aГорномарийская свадьба _dКырык мары сӱäн _dHill mari wedding _eкнига-альбом _f[Князев Денис Николаевич, фотохудожник, Устьянцев Герман Юрьевич, кандидат исторических наук, историк-этнолог, Петрова Тамара Викентьевна, заслуженный работник образования Республики Марий Эл] _gКомиссия Российской Федерации по делам ЮНЕСКО _zchm _zeng |
|
| 203 |
_aТекст _aИзображение _bвизуальные _cнепосредственные |
||
| 210 |
_aЙошкар-Ола _cМарийское книжное изд-во _d2023 |
||
| 215 |
_a227 с. _cил., цв. ил., портр. _d22х22 |
||
| 225 | 1 | _aМеждународный научно-этнографический проект "Свадьбы народов мира: культурное наследие" | |
| 225 | 1 | _aСерия "Свадьбы народов России" | |
| 300 | _aАвт. указаны на с. 224-225 | ||
| 300 | _aТекст парал. рус., горномар., англ. | ||
| 320 | _aБиблиогр.: с. 222-223 (27 назв.) | ||
| 333 | _a12+ | ||
| 510 | 1 |
_6z92790 _aКырык мары сӱäн _zchm |
|
| 510 | 1 |
_6z36790 _aHill mari wedding _zeng |
|
| 606 | 1 |
_aСвадебные обряды марийские _92533049 _3RU\NLR\AUTH\6601713952 |
|
| 686 | 1 | _aТ52(235=М3А/Я)-519.2 | |
| 700 | 1 |
_aКнязев _bД. Н. _f1985- _gДенис Николаевич |
|
| 701 | 1 |
_aУстьянцев _bГ. Ю. _f1993- _gГерман Юрьевич |
|
| 701 | 1 |
_7ca _8rus _aПетрова _bТ. В. _cметодист по культурному наследию _f1957- _gТамара Викентьевна _9269420 _3RU\NLR\AUTH\770269476 |
|
| 712 | 0 | 2 |
_4570 _a"Свадьбы народов мира: культурное наследие", международный фото-этнографический проект _9879120 _3RU\NLR\AUTH\880607269 |
| 712 | 0 | 1 |
_4570 _aРоссийская Федерация _bКомиссия по делам ЮНЕСКО _3RU\NLR\AUTH\883238 _9277667 |
| 790 | 1 |
_6z92510 _aКнязев _bД. Н. _f1985- _gДенис Николаевич |
|
| 790 | 1 |
_6z36510 _aKnjazev _bD. N. _f1985- _gDenis Nikolaevič |
|
| 852 |
_aNLR _bОНЛ _jМар./3-2832 |
||
| 942 | _cBOOK | ||
| 980 | _aNB | ||